Tratado de sociología del trabajo / (Record no. 65558)

MARC details
000 -LEADER
campo de control de longitud fija 00727nam a2200229 i 4500
001 - NÚMERO DE CONTROL
campo de control 65558
003 - IDENTIFICADOR DE NÚMERO DE CONTROL
campo de control ES-MaACL
005 - FECHA Y HORA DE LA ÚLTIMA TRANSACCIÓN
campo de control 20240125151940.0
007 - CAMPO FIJO DE DESCRIPCIÓN FÍSICA--INFORMACIÓN GENERAL
campo de control de longitud fija t|
008 - DATOS DE LONGITUD FIJA--INFORMACIÓN GENERAL
campo de control de longitud fija 040115s1971 mx ||||1| spa d
080 ## - NÚMERO DE LA CLASIFICACIÓN DECIMAL UNIVERSAL
Número de la Clasificación Decimal Universal 301.188.1:331
100 1# - ENTRADA PRINCIPAL--NOMBRE DE PERSONA
Nombre de persona Friedmann, Georges.
9 (RLIN) 52641
245 10 - MENCIÓN DEL TÍTULO
Título Tratado de sociología del trabajo /
Mención de responsabilidad, etc. Georges Friedmann, Pierre Naville ; [traducción de Julieta Campos].
250 ## - MENCION DE EDICION
Mención de edición 1ª ed., 1ª reimp.
260 ## - PUBLICACIÓN, DISTRIBUCIÓN, ETC.
Lugar de publicación, distribución, etc. México :
Nombre del editor, distribuidor, etc. Fondo de Cultura Económica,
Fecha de publicación, distribución, etc. 1971.
300 ## - DESCRIPCIÓN FÍSICA
Extensión 2 v. ;
Dimensiones 23 cm.
650 #4 - PUNTO DE ACCESO ADICIONAL DE MATERIA--TÉRMINO DE MATERIA
Término de materia o nombre geográfico como elemento de entrada Sociología industrial.
9 (RLIN) 17214
700 1# - ENTRADA AGREGADA--NOMBRE PERSONAL
Nombre de persona Naville, Pierre.
9 (RLIN) 85234
700 1# - ENTRADA AGREGADA--NOMBRE PERSONAL
Nombre de persona Campos, Julieta,
Fechas asociadas al nombre 1932-2007
9 (RLIN) 234944
852 4# - LOCALIZACIÓN
Ubicación ES-MaACL
Número de control de estantería E-6624-25
Holdings
Estatus retirado Estado de pérdida Estado de daño No para préstamo Biblioteca de origen Biblioteca actual Ubicación en estantería Fecha de adquisición Fuente de adquisición Total de préstamos Signatura topográfica completa Código de barras Visto por última vez Precio de reemplazo Tipo de ítem Koha
        Biblioteca del Ateneo de Madrid Biblioteca del Ateneo de Madrid Depósito 2 17/01/2008     E-6624-25 1068686 23/02/2023 23/02/2023 Libro impreso